000 00493nam a2200181Ia 4500
001 25122
005 20260414151129.0
008 260414t2007||||xx |||||||||||||| ||spa||
041 _aESP
082 _a346.24
_bM26
100 _aMartínez de Aguirre y Aldaz, Carlos
_eAUT
245 0 _aConstitución, derecho al matrimonio y uniones entre personas del mismo sexo
_b
260 _c2007
300 _a129 páginas :
_c21 cm.
650 _aDER
654 _aCDE
942 _cLIB
_dJUS
_fJUS
_2ddc
_n
999 _c25122
_d25122